000 00485nam a2200181Ia 4500
008 191127s9999 xx 000 0 und d
100 _aMorano, Estroff Hara
245 4 _aThe Folate factor/
245 _cHara Estroff Marano
260 _bSussex Publisher
260 _c2019
300 _aPages 33-34, January/February 2019
440 _aPsychology Today: Escaping Depression
_v51: 1
650 _adepression
650 _aHealth
650 _atreatment
650 _aVitamins
999 _c362713
_d362713